Quantitative genetics (Record no. 79913)

MARC details
000 -LEADER
fixed length control field 00674nam a2200157 a 4500
008 - FIXED-LENGTH DATA ELEMENTS--GENERAL INFORMATION
fixed length control field 120416s1984 ||||||||||||||||| || u
050 ## - LIBRARY OF CONGRESS CALL NUMBER
Classification number QH 452.7 Qua
100 ## - MAIN ENTRY--PERSONAL NAME
Personal name Hill, W. G
245 10 - TITLE STATEMENT
Title Quantitative genetics
Statement of responsibility, etc. edited by W. G. Hill
260 ## - PUBLICATION, DISTRIBUTION, ETC.
Place of publication, distribution, etc. New York
Name of publisher, distributor, etc. Van Nostrand Reinhold
Date of publication, distribution, etc. 1984
300 ## - PHYSICAL DESCRIPTION
Extent 2 vols.
350 ## -
-- 0.00
650 #0 - SUBJECT ADDED ENTRY--TOPICAL TERM
Topical term or geographic name entry element GENETICS
995 ## -
-- ANNEX COLLECTION (Main Library)
-- 0.00
-- 721729
-- CBU-MAIN LIBRARY (Kitwe)
-- 1
-- 54.45
-- QH 452.7 Qua
-- 1
-- AVAILABLE
-- 015513
-- Annex Low-Usage Collection
995 ## -
-- ANNEX COLLECTION (Main Library)
-- 0.00
-- 721736
-- CBU-MAIN LIBRARY (Kitwe)
-- 2
-- 54.45
-- QH 452.7 Qua
-- 2
-- AVAILABLE
-- 015514
-- Annex Low-Usage Collection
999 ## -
-- 79913
-- 79913
Holdings
Withdrawn status Lost status Source of classification or shelving scheme Damaged status Not for loan Permanent Location Current Location Shelving location Date acquired Total Checkouts Full call number Barcode Date last seen Copy number Price effective from Koha item type
          CBU-MAIN LIBRARY, KITWE. CBU-MAIN LIBRARY, KITWE.   06/29/2023   QH 452.7 Qua 015513 06/29/2023 1 06/29/2023 MONOGRAPH
          CBU-MAIN LIBRARY, KITWE. CBU-MAIN LIBRARY, KITWE.   06/29/2023   QH 452.7 Qua 015514 06/29/2023 2 06/29/2023 MONOGRAPH